<?xml version="1.0" encoding="UTF-8"?><?xml-stylesheet type="text/xsl" href="static/style.xsl"?><OAI-PMH xmlns="http://www.openarchives.org/OAI/2.0/" xmlns:xsi="http://www.w3.org/2001/XMLSchema-instance" xsi:schemaLocation="http://www.openarchives.org/OAI/2.0/ http://www.openarchives.org/OAI/2.0/OAI-PMH.xsd"><responseDate>2026-06-02T00:41:34Z</responseDate><request verb="GetRecord" identifier="oai:riuma.uma.es:10630/31632" metadataPrefix="marc">https://riuma.uma.es/rest/oai/request</request><GetRecord><record><header><identifier>oai:riuma.uma.es:10630/31632</identifier><datestamp>2026-02-03T10:56:27Z</datestamp><setSpec>com_10630_2254</setSpec><setSpec>col_10630_37953</setSpec></header><metadata><record xmlns="http://www.loc.gov/MARC21/slim" xmlns:dcterms="http://purl.org/dc/terms/" xmlns:doc="http://www.lyncode.com/xoai" xmlns:xsi="http://www.w3.org/2001/XMLSchema-instance" xsi:schemaLocation="http://www.loc.gov/MARC21/slim http://www.loc.gov/standards/marcxml/schema/MARC21slim.xsd">
   <leader>00925njm 22002777a 4500</leader>
   <datafield ind2=" " ind1=" " tag="042">
      <subfield code="a">dc</subfield>
   </datafield>
   <datafield ind2=" " ind1=" " tag="720">
      <subfield code="a">Conejo-Muñoz, Ricardo José</subfield>
      <subfield code="e">author</subfield>
   </datafield>
   <datafield ind2=" " ind1=" " tag="720">
      <subfield code="a">Barros-Blanco, Beatriz</subfield>
      <subfield code="e">author</subfield>
   </datafield>
   <datafield ind2=" " ind1=" " tag="720">
      <subfield code="a">Del-Campo-Ávila, José</subfield>
      <subfield code="e">author</subfield>
   </datafield>
   <datafield ind2=" " ind1=" " tag="720">
      <subfield code="a">Triviño-Rodríguez, José Luis</subfield>
      <subfield code="e">author</subfield>
   </datafield>
   <datafield ind2=" " ind1=" " tag="260">
      <subfield code="c">2024</subfield>
   </datafield>
   <datafield ind2=" " ind1=" " tag="520">
      <subfield code="a">Automatic question generation and the assessment of&#xd;
procedural knowledge is still a challenging research topic. This&#xd;
article focuses on the case of it, the techniques of parsing grammars&#xd;
for compiler construction. There are two well-known techniques for&#xd;
parsing: top-down parsing with LL(1) and bottom-up with LR(1).&#xd;
Learning these techniques and learning to design grammars that&#xd;
can be parsed with these techniques requires practice. This article&#xd;
describes an application that covers all the tasks needed to automa-&#xd;
tize the learning and assessment process: 1) automatically generate&#xd;
context-free languages and grammars of different complexity; 2)&#xd;
pose different types of questions to the student with an appropriate&#xd;
response interface; 3) automatically correct the student answer,&#xd;
including grammar design for a given language; and 4) provide&#xd;
feedback on errors. The application has been implemented as a&#xd;
plug-in of the SIETTE assessment system that, in addition, can&#xd;
provide adaptive behavior for question selection. It has been suc-&#xd;
cessfully used by more than a thousand students for formative and&#xd;
summative assessment.</subfield>
   </datafield>
   <datafield ind1="8" ind2=" " tag="024">
      <subfield code="a">R. C. Muñoz, B. B. Blanco, J. d. Campo-Ávila and J. L. T. Rodriguez, "Teaching Compilers: Automatic Question Generation and Intelligent Assessment of Grammars' Parsing," in IEEE Transactions on Learning Technologies, vol. 17, pp. 1734-1744, 2024, doi: 10.1109/TLT.2024.3405565</subfield>
   </datafield>
   <datafield ind1="8" ind2=" " tag="024">
      <subfield code="a">https://hdl.handle.net/10630/31632</subfield>
   </datafield>
   <datafield ind1="8" ind2=" " tag="024">
      <subfield code="a">10.1109/TLT.2024.3405565</subfield>
   </datafield>
   <datafield tag="653" ind2=" " ind1=" ">
      <subfield code="a">Compiladores (Programas de ordenador)</subfield>
   </datafield>
   <datafield tag="653" ind2=" " ind1=" ">
      <subfield code="a">Sistemas de control por retroalimentación</subfield>
   </datafield>
   <datafield tag="653" ind2=" " ind1=" ">
      <subfield code="a">Estudiantes - Evaluación</subfield>
   </datafield>
   <datafield ind2="0" ind1="0" tag="245">
      <subfield code="a">Teaching compilers: automatic question generation and intelligent assessment of grammars' Parsing</subfield>
   </datafield>
</record>
</metadata></record></GetRecord></OAI-PMH>